| 000 | nam a22 a 4500 | ||
|---|---|---|---|
| 999 |
_c493 _d493 |
||
| 005 | 20170504094732.0 | ||
| 008 | 170504s2015 -us||||| |||| 00| 0 eng d | ||
| 020 | _a9781452291574 (pbk.) : | ||
| 040 | _aAKMAL | ||
| 082 | _a658.406 AND | ||
| 090 | _a658.406 AND | ||
| 100 | 1 |
_aAnderson, Donald L., _d1971- _91120 |
|
| 245 | 1 | 0 |
_aOrganization development : _bthe process of leading organizational change / _cDonald Anderson. |
| 250 | _aThird edition. | ||
| 260 |
_aLos Angeles : _bSAGE, _c[2015] |
||
| 300 |
_axiii, 469 pages ; _c26cm |
||
| 500 | _aPrevious edition: 2012. | ||
| 500 | _a Formerly CIP. Uk | ||
| 504 | _aIncludes bibliographical references and index. | ||
| 599 | _aDALAM PROSES | ||
| 650 | 0 |
_a Organizational change. _9567 |
|
| 650 | 0 |
_aManagement and Business Studies _91121 |
|
| 942 |
_2ddc _cBOOK |
||
| 950 | _lAKMAL | ||